| 000 | 00620nam a2200205 4500 | ||
|---|---|---|---|
| 001 | sa 68017147 | ||
| 003 | DLC | ||
| 005 | 20260227112700.0 | ||
| 008 | 710419s1961 io 00010 eng | ||
| 010 | _asa 68017147 | ||
| 025 | _aPL480:Indo-4392 | ||
| 043 | _aa-io--- | ||
| 050 | 0 |
_aHC447 _b.A5393 |
|
| 082 | _a338.991 | ||
| 110 | 1 | 0 |
_aIndonesia. _bDewan Perantjang Nasional. _bSekretariat. |
| 245 | 1 |
_aNational overall development plan, 1961-1969: _blist of projects. |
|
| 260 | 0 |
_aDjakarta, _bSecretariat, National Planning Council _c[1961] |
|
| 300 |
_a68 p. _c16 x 24 cm. |
||
| 651 | 0 |
_aIndonesia _xEconomic policy. |
|
| 999 |
_c87542 _d87542 |
||